LEADER 00919nam a2200217 i 4500 001 000000141936 003 CaOOAMICUS 005 20101113000000.0 008 101113s1959 it u000 u ita u 013 $a116692 040 $aSeMil$bita 100 1 $aMarguerite-Marie : Alacoque .$0(OLS)http://semarc/name/4767 245 10$aAutobiografia e Scritti scelti /$cS. Margherita M. Alacoque. 260 $aPadova :$bGregoriana,$c1959. 300 $aXXXIII, 248 p., [1] p. di ritratto ;$c25 cm. 500 $aContiene : Bibliografia ; Lettere scelte. 600 14$aAlacoque, Margherita Maria .$0(OLS)http://semarc/subject/1509 850 $aSeMil 852 $aSeMil$W1$xVenegono$y1$m3J V 115$j95132$B95132$CSeMilBibl$Z2$F156405 $81 996 $6245$aAutobiografia e Scritti scelti$9(OLS)http://semarc/title/207491 996 $6260$aPadova :$bGregoriana$9(OLS)http://semarc/publisher/31482 LEADER 01024nam a2200253 i 4500 001 000000167065 003 CaOOAMICUS 005 20071122000000.0 008 071122s1965 it u000 u ita u 013 $a144436 040 $aSeMil$bita 100 1 $aRhaudenses .$0(OLS)http://semarc/name/90393 245 12$aI santi ordini :$bmeditazioni per il ritiro mensile /$cRhaudenses. 260 $aMilano :$bÀncora,$c1965. 300 $a399 p. ;$c17 cm. 500 $aFondo Card. Giovanni Colombo. 650 4$aMeditazioni.$0(OLS)http://semarc/subject/1352 650 4$aOrdine (Sacramento) - Meditazioni.$0(OLS)http://semarc/subject/31846 850 $aSeMil 852 $aSeMil$W1$xVenegono$y1$m3G I 324$j118225$B118225$CSeMilBibl$Z2$F130788 $81 941 1 $a3 961 $aLascito: Colombo Card. Giovanni 996 $6245$aI santi ordini :$bmeditazioni per il ritiro mensile$9(OLS)http://semarc/title/408852 996 $6260$aMilano :$bÀncora$9(OLS)http://semarc/publisher/29763 LEADER 01570nam a2200289 i 4500 001 000000016054 003 CaOOAMICUS 005 20230912152955.0 008 180830s1995 it u000 u ita u 040 $aSeMil$bita 100 1 $aBuffoni, Stefania.$0(OLS)http://semarc/name/7421 245 13$aLa chiesa di Villa a Castiglione Olona :$bEchi Toscani in Lombardia /$cStudenti : Stefania Buffoni, Orietta Liccati ; Relatore : Prof. arch. Bruno Adorni. 260 $a[S.l. :$bs.n.],$c1995. 300 $a2 v. (690 c. :$bill.) ;$c31 cm. 500 $aContiene : Bibliografia consultata. - In testa al front : Politecnico di Milano, Facoltà di Architettura. - Ai pie' del front : Anno Accademico 1994/95. 600 14$aCastiglioni, Branda .$0(OLS)http://semarc/subject/2620 650 4$aCastiglione Olona - Chiese - Santissimo Corpo di Cristo .$0(OLS)http://semarc/subject/54352 650 4$aTesi di laurea.$0(OLS)http://semarc/subject/1690 650 4$aVecchietta .$0(OLS)http://semarc/subject/2621 650 4$aMasolino : da Panicale <1383-1440> - Affreschi - Castiglione Olona.$0(OLS)http://semarc/subject/2622 700 1 $aAdorni, Bruno.$0(OLS)http://semarc/name/7423 700 1 $aLiccati, Orietta.$0(OLS)http://semarc/name/7422 774 0 $tVol. 1.$w()44398 774 0 $tVol. 2.$w()151887 996 $6245$aLa chiesa di Villa a Castiglione Olona :$bEchi Toscani in Lombardia$9(OLS)http://semarc/title/21258 996 $6260$a[S.l. :$bs.n.]$9(OLS)http://semarc/publisher/29751 LEADER 00920nam a2200205 i 4500 001 000000070719 003 CaOOAMICUS 005 20131126000000.0 008 131126s1887 it u000 u ita u 013 $a41891 040 $aSeMil$bita 100 1 $aSichirollo, Giacomo <1839-1911>.$0(OLS)http://semarc/name/12840 245 13$aLa mia conversione dal Rosmini al S. Tommaso :$brimembranze di studi filosofici /$cdi d. Giacomo Sichirollo. 260 $aPadova :$bTipografia del Seminario,$c1887. 300 $a380 p. ;$c22 cm. 650 4$aConversione religiosa.$0(OLS)http://semarc/subject/126 850 $aSeMil 852 $aSeMil$W1$xVenegono$y1$m2P III 91 FA$j36872$B36872$CSeMilBibl$Z2$F36875 $8I 996 $6245$aLa mia conversione dal Rosmini al S. Tommaso :$brimembranze di studi filosofici$9(OLS)http://semarc/title/113602 996 $6260$aPadova :$bTipografia del Seminario$9(OLS)http://semarc/publisher/33223 LEADER 00501nab a2200169 i 4500 001 000000273345 003 CaOOAMICUS 005 20100707000000.0 008 100707n xx uu u0 0und r 013 $a21584 020 $a978-88-7967-182-8 040 $aSeMil$bita 245 10$a[SENZA TITOLO]. 500 $a2009/2. 773 0 $t[2009].$dBellinzona : Salvioni, 2009.$w()188943 996 $6020$a978-88-7967-182-8$9(OLS)http://semarc/number/267558 996 $6245$a[SENZA TITOLO]$9(OLS)http://semarc/title/354609 LEADER 00481naa a2200133 i 4500 001 000000303979 003 CaOOAMICUS 005 20180831172810.0 008 180831n xx u000 u und u 013 $a11758 040 $aSeMil$bita 100 1 $aBrunner, Fernand.$0(OLS)http://semarc/name/22626 245 10$aCompatibilité chez Maître Eckhart de la thèse «esse est deus» et. 996 $6245$aCompatibilité chez Maître Eckhart de la thèse «esse est deus» et$9(OLS)http://semarc/title/379929